000 00706cam a2200193 a 4500
001 000005734
005 20200929151750.0
008 821214s1973 mx a 001 0 spa
040 _aDO-SdBNP
_cCarP
_dDLC
050 0 0 _aJ163
_b.N33
082 _ann
_bB333d
100 1 _aBatista, Fulgencio,
_cPresidente de Cuba, (1952-1959),
_q(Fulgencio Batista y Zaldivar),
_d1901-1973.
_916223
245 1 0 _aDos fechas :
_baniversarios y testimonios /
_cFulgencia Batista.
246 1 0 _aDos fechas :
_baniversarios y testimonios, (1933-1944).
260 _aMéxico, :
_bBotas,
_c1973.
300 _av. :
_bil. ;
_c23 cm.
651 0 _aCuba
_xPolitics And Government
_y1933-1959.
_916224
910 _aCatalogación por copia / LC
999 _c5530
_d5530